000 00896nam a2200253Ia 4500
003 OSt
005 20221005111830.0
006 a|||||r|||| 00| 0
007 ta
008 221004b |||||||| |||| 00| 0 hin d
024 _a118986
037 _cTextual
040 _aCRL
_cCRL
_bhin
041 _2hin
_ahin
082 _aO152,1J32:g, Q2
100 _aभगवदाचार्य, संपा.
245 0 _aतुलसीदास
_b एक प्रामाणिक सर्वेक्षण
246 _aTulasīdāsa: ek prāmāṇik sarvekṣhaṇa
260 _aलखनऊ
_bसनातन धर्म परिषद् भारत
_c2012
300 _a288पृ0
_ccm.
650 _aहिन्दी साहित्य
942 _hO152,1J32:g, Q2
_cTEXL
_2cc
999 _c1023045
_d1023045